| 000 | 00619nam a22002057a 4500 | ||
|---|---|---|---|
| 003 | OSt | ||
| 005 | 20240619104537.0 | ||
| 008 | 240619b |||||||| |||| 00| 0 eng d | ||
| 020 | _a0521794501 | ||
| 040 |
_aDDC _cMUST |
||
| 082 |
_222 _a530 CHA 2000 |
||
| 100 |
_aP.M. Chaikin and T.C. Lubensky _917497 |
||
| 245 |
_aPrinciples of Condensed Matter Physics/ _cP.M. Chaikin and T.C. Lubensky |
||
| 260 |
_aNew York _bCambridge University Press _cc2000 |
||
| 300 |
_axx,699p.: _bill; _c24.5cm |
||
| 504 | _aincludes glossary and indexes | ||
| 650 |
_aPhysics _9809 |
||
| 700 |
_aT.C Lubensky _917498 |
||
| 942 |
_2ddc _cO_SHELF |
||
| 999 |
_c8643 _d8643 |
||